000 00787nam a2200193 i 4500
001 124831
003 ES-MaACL
005 20230906192515.0
007 t|
008 070420s1929 sp ||||1| spa d
110 2 _aComisión Asesora Nacional Patronal y Obrera (España)
_93007
245 1 3 _aEl seguro de vejez de los pequeños patronos y trabajadores independientes
_b: resumen de una información /
_cComisión Asesora Nacional Patronal y Obrera.
260 _aMadrid :
_b[s.n.],
_c1929 (
_fSobrinos Sucesores de Minuesa de los Ríos)
300 _a204 p. ;
_c21 cm.
490 1 _aPublicaciones del Instituto Nacional de Previsión ;
_v217
830 0 _aPublicaciones del Instituto Nacional de Previsión ;
_v217
_9181151
852 _aES-MaACL
_jC-12632(6)
999 _c124831
_d124831